Movies Quiz

Random Movies or Actor Quiz

Click a 90s Flick Quiz Stats

 Plays Quiz not verified by Sporcle

Support Sporcle.
Go Orange.
Score 0/40 Timer 08:00
0 Plays Today
% Correct
Titanic
94.4%
Home Alone
93.4%
The Silence of the Lambs
93.4%
Pulp Fiction
92.9%
The Sixth Sense
91.9%
Terminator 2: Judgment Day
91.6%
The Matrix
91.3%
Edward Scissorhands
90.9%
Good Will Hunting
90.5%
Groundhog Day
90.5%
The Shawshank Redemption
90.4%
Fight Club
90.3%
The Truman Show
89.8%
Se7en
88.4%
Saving Private Ryan
88.3%
Toy Story
88%
Goodfellas
87.9%
Forrest Gump
87.6%
Scream
87.6%
Eyes Wide Shut
86.9%
% Correct
Star Wars Episode I: The Phantom Menace
85.2%
10 Things I Hate About You
83.6%
Schindler's List
83.3%
Jurassic Park
83.1%
Boogie Nights
81.4%
The Big Lebowski
81.2%
Princess Mononoke
80.6%
Fargo
80.4%
Aladdin
79%
Léon: The Professional
78.4%
The Lion King
78%
Reservoir Dogs
76.4%
Trainspotting
75.7%
American Beauty
72.9%
Jackie Brown
72.7%
Magnolia
72.5%
The Usual Suspects
71.3%
Before Sunrise
67.5%
Being John Malkovich
65.5%
The Nightmare Before Christmas
61.3%

You're not logged in!

Compare scores with friends on all Sporcle quizzes.
OR
Log In

From the Vault

Europe by Soccer Teams

by NO_r_WAY

Imagine if countries mapped themselves by sports teams.
Remove Ads.
Support Sporcle.
Get the best of Sporcle when you Go Orange. This ad-free experience offers more features, more stats, and more fun while also helping to support Sporcle. Thank you for becoming a member.

Show Comments

Extras

Top Quizzes Today


Score Distribution

Your Account Isn't Verified!

In order to create a playlist on Sporcle, you need to verify the email address you used during registration. Go to your Sporcle Settings to finish the process.

Report this User

Report this user for behavior that violates our Community Guidelines.

Details: